-
DOHARE, SNEH LATA & MATHUR, RIYA AND UDDIN, DR. REHAN
Entry Personal Name
Number of records used in: 1
001 - CONTROL NUMBER
003 - CONTROL NUMBER IDENTIFIER
005 - DATE AND TIME OF LATEST TRANSACTION
- control field:
20251119180515.0
008 - FIXED-LENGTH DATA ELEMENTS
- fixed length control field:
251119|| aca||aabn | a|a d
040 ## - CATALOGING SOURCE
- Original cataloging agency:
JRU
- Transcribing agency:
JRU
100 ## - HEADING--PERSONAL NAME
- Personal name:
DOHARE, SNEH LATA & MATHUR, RIYA AND UDDIN, DR. REHAN
670 ## - SOURCE DATA FOUND
- Source citation:
Work cat.: (JRU)8913: DOHARE, SNEH LATA & MATHUR, RIYA AND UDDIN, DR. REHAN , A TEXTBOOK OF PHARMACOGNOSY FOR D. PHARMA [ 1ST YEAR STUDENTS], 2025